[Event "Berlin Lichtenberger op 12th"]
[Site "Berlin"]
[Date "2013.08.23"]
[Round "7"]
[White "Gnass, Erhard"]
[Black "Duric, Rajko"]
[Result "1-0"]
[WhiteElo "1529"]
[BlackElo "1737"]
[PlyCount "161"]
[EventDate "2013.08.17"]
[EventType "swiss"]
[EventRounds "9"]
[EventCountry "GER"]
[SourceTitle "CBM 156 Extra"]
[Source "ChessBase"]
[SourceDate "2013.10.22"]
[SourceVersion "1"]
[SourceVersionDate "2013.10.22"]
[SourceQuality "1"]

1. Nf3 Nf6 2. g3 b6 3. Bg2 Bb7 4. 0-0 Nc6 5. d3 d5 6. d4 e6 7. c3 Be7 8. Bg5 Ne4 9. Bxe7 Nxe7 10. Nbd2 Nd6 11. Re1 0-0 12. Qc2 f6 13. Bh3 Bc8 14. Bg2 Rb8 15. e4 dxe4 16. Nxe4 Nxe4 17. Qxe4 Qd5 18. Qxd5 Nxd5 19. Re2 Kf7 20. Rd1 c6 21. c4 Ba6 22. Rc1 Ne7 23. b3 Rfd8 24. Rce1 Bc8 25. Rc1 Nf5 26. d5 cxd5 27. cxd5 exd5 28. Rc7+ Rd7 29. Rec2 Ne7 30. Nd4 Rxc7 31. Rxc7 Kf8 32. Rxa7 Rb7 33. Ne6+ Kg8 34. Rxb7 Bxb7 35. Bf1 Bc8 36. Nd4 Bd7 37. Bd3 g6 38. f4 f5 39. Kf2 Nc8 40. Ke3 Nd6 41. a4 Kf7 42. h4 h5 43. Bb5 Bxb5 44. axb5 Ne4 45. Ne2 Ke6 46. b4 Kd6 47. Kf3 Nd2+ 48. Ke3 Nc4+ 49. Kd4 Na3 50. Nc3 Nc2+ 51. Kd3 Nxb4+ 52. Kd4 Ke6 53. Na4 Nc2+ 54. Kd3 Na3 55. Nxb6 Nxb5 56. Na4 Kd6 57. Nb6 Kc6 58. Na4 Nd6 59. Nc3 Ne4 60. Ne2 Kc5 61. Nd4 Nxg3 62. Ne6+ Kd6 63. Nf8 Ne4 64. Nxg6 Nc5+ 65. Ke3 Ne6 66. Kd3 Kc5 67. Kc3 Nxf4 68. Nxf4 d4+ 69. Kd3 Kd6 70. Kxd4 Ke7 71. Ke5 Kf7 72. Kxf5 Kg7 73. Kg5 Kh7 74. Nxh5 Kh8 75. Kg6 Kg8 76. Nf4 Kh8 77. h5 Kg8 78. Ne6 Kh8 79. h6 Kg8 80. Ng5 Kh8 81. Nf7+ 1-0

[Event "Berlin Lichtenberger op 12th"]
[Site "Berlin"]
[Date "2013.08.22"]
[Round "6"]
[White "Duric, Rajko"]
[Black "Wierzbicki, Jirawat"]
[Result "0-1"]
[WhiteElo "1737"]
[BlackElo "1725"]
[PlyCount "60"]
[EventDate "2013.08.17"]
[EventType "swiss"]
[EventRounds "9"]
[EventCountry "GER"]
[SourceTitle "CBM 156 Extra"]
[Source "ChessBase"]
[SourceDate "2013.10.22"]
[SourceVersion "1"]
[SourceVersionDate "2013.10.22"]
[SourceQuality "1"]

1. e4 e5 2. Nf3 Nc6 3. Bc4 Nf6 4. Ng5 d5 5. exd5 Na5 6. Bb5+ c6 7. dxc6 bxc6 8. Be2 h6 9. Nf3 e4 10. Ng1 Bc5 11. c3 Qb6 12. b4 Bxf2+ 13. Kf1 Nb7 14. Na3 Bxg1 15. Rxg1 Qc7 16. h3 Qf4+ 17. Ke1 0-0 18. g3 Qf5 19. Bg4 Nxg4 20. hxg4 Qxg4 21. Qxg4 Bxg4 22. Nc4 Rfe8 23. Ne3 Bf3 24. Kf2 Rad8 25. Nf5 c5 26. a3 Bh5 27. g4 Bg6 28. Ne3 Rd6 29. c4 h5 30. Bb2 Rxd2+ 0-1

[Event "Berlin Lichtenberger op 11th"]
[Site "Berlin"]
[Date "2012.08.24"]
[Round "7"]
[White "Barisch, Florian"]
[Black "Duric, Rajko"]
[Result "1/2-1/2"]
[WhiteElo "1979"]
[BlackElo "1771"]
[PlyCount "181"]
[EventDate "2012.08.18"]
[EventType "swiss"]
[EventRounds "9"]
[EventCountry "GER"]
[SourceTitle "CBM 150 Extra"]
[Source "ChessBase"]
[SourceDate "2012.10.19"]
[SourceVersion "1"]
[SourceVersionDate "2012.10.19"]
[SourceQuality "1"]

1. d4 Nf6 2. Bf4 d5 3. Nf3 Nc6 4. e3 e6 5. Nbd2 Bd6 6. Ne5 Nd7 7. Bb5 Ndxe5 8. dxe5 Be7 9. Nf3 Bd7 10. Bd3 g5 11. Bg3 g4 12. Nd4 h5 13. c3 Bh4 14. Bf4 Bg5 15. Qe2 Bxf4 16. exf4 Ne7 17. 0-0-0 c6 18. Rde1 Qa5 19. Kb1 0-0-0 20. h3 c5 21. Nb3 Qb6 22. Bc2 Bb5 23. Qd2 Nc6 24. hxg4 hxg4 25. Rxh8 Rxh8 26. Qe3 c4 27. Nd4 Nxd4 28. cxd4 Qd8 29. f5 Qh4 30. fxe6 fxe6 31. Qf4 Bd7 32. Bd1 Rg8 33. Rg1 Qg5 34. Qxg5 Rxg5 35. g3 Be8 36. Rh1 Bg6+ 37. Kc1 Bf5 38. Kd2 b5 39. Kc3 a5 40. a3 Rg8 41. Rh6 Kc7 42. Rh4 Kb6 43. Rh6 Kc7 44. Rh5 Kb6 45. Rh4 Kc7 46. Rh6 Kb6 47. Bc2 b4+ 48. axb4 axb4+ 49. Kd2 c3+ 50. bxc3 bxc3+ 51. Kc1 Kb5 52. Bxf5 exf5 53. Kc2 Kc4 54. Ra6 Kxd4 55. e6 Re8 56. Ra4+ Ke5 57. Kxc3 Rxe6 58. Kd3 Rb6 59. Ra2 Rb3+ 60. Ke2 Ke4 61. Ra8 Rb2+ 62. Ke1 d4 63. Ra4 Rc2 64. Ra3 Rc3 65. Ra8 Kd3 66. Ra1 Ke4 67. Ra8 Kf3 68. Ra5 Ke4 69. Ra8 Rc2 70. Ra3 Rb2 71. Ra4 Rb1+ 72. Ke2 Rc1 73. Kd2 Rc3 74. Ke2 Rf3 75. Rb4 Kd5 76. Rb2 d3+ 77. Ke1 Kc4 78. Ra2 Kb3 79. Rd2 Kc3 80. Ra2 f4 81. gxf4 Rxf4 82. Ra3+ Kc2 83. Ra2+ Kb3 84. Ra8 Re4+ 85. Kd2 Rd4 86. Rc8 Rf4 87. Kxd3 Rxf2 88. Rb8+ Ka4 89. Ke3 Rf3+ 90. Ke2 Rf4 91. Ke3 1/2-1/2

[Event "Berlin Lichtenberger op 11th"]
[Site "Berlin"]
[Date "2012.08.23"]
[Round "6"]
[White "Duric, Rajko"]
[Black "Muehlhan, Klaus"]
[Result "0-1"]
[WhiteElo "1771"]
[BlackElo "2042"]
[PlyCount "117"]
[EventDate "2012.08.18"]
[EventType "swiss"]
[EventRounds "9"]
[EventCountry "GER"]
[SourceTitle "CBM 150 Extra"]
[Source "ChessBase"]
[SourceDate "2012.10.19"]
[SourceVersion "1"]
[SourceVersionDate "2012.10.19"]
[SourceQuality "1"]

1. e4 c5 2. Nc3 b6 3. d3 Bb7 4. Nf3 e6 5. Bf4 d6 6. Be2 Be7 7. Qd2 Nf6 8. Bg5 h6 9. Bh4 Nc6 10. Bg3 Nd4 11. Bd1 a6 12. Nxd4 cxd4 13. Ne2 e5 14. 0-0 0-0 15. f4 Nd7 16. c3 dxc3 17. bxc3 Rc8 18. Bb3 Nc5 19. Bd5 Bxd5 20. exd5 Nd7 21. c4 b5 22. Rfc1 exf4 23. Bxf4 Ne5 24. c5 Ng6 25. cxd6 Qb6+ 26. Be3 Qxd6 27. Rxc8 Rxc8 28. Rc1 Rxc1+ 29. Qxc1 Qxd5 30. Qd2 Ne5 31. Nf4 Qd6 32. Qc2 g5 33. Qc8+ Qd8 34. Nd5 Kf8 35. Nxe7 Kxe7 36. Bc5+ Ke8 37. Qxa6 Qxd3 38. Qc8+ Qd8 39. Qxd8+ Kxd8 40. a3 h5 41. Bd4 f6 42. Kf2 Kd7 43. h3 Ke6 44. Ke2 f5 45. g3 Kd5 46. Be3 g4 47. h4 Ke4 48. Bc1 Nd3 49. Bg5 f4 50. gxf4 Nxf4+ 51. Kf2 Ne6 52. Be7 Kd3 53. Bb4 Nd4 54. Kg3 Nf5+ 55. Kf4 Nxh4 56. Bd6 Nf3 57. Kg3 Ke4 58. Be7 Kf5 59. Bc5 0-1

[Event "Berlin Lichtenberger op 11th"]
[Site "Berlin"]
[Date "2012.08.20"]
[Round "3"]
[White "Hubbe, Bernd"]
[Black "Duric, Rajko"]
[Result "0-1"]
[WhiteElo "1409"]
[BlackElo "1771"]
[PlyCount "88"]
[EventDate "2012.08.18"]
[EventType "swiss"]
[EventRounds "9"]
[EventCountry "GER"]
[SourceTitle "CBM 150 Extra"]
[Source "ChessBase"]
[SourceDate "2012.10.19"]
[SourceVersion "1"]
[SourceVersionDate "2012.10.19"]
[SourceQuality "1"]

1. d4 Nf6 2. c4 d6 3. e3 c6 4. Bd3 Nbd7 5. Nf3 e5 6. Nc3 Qa5 7. Bd2 Qc7 8. e4 exd4 9. Nxd4 Ne5 10. Be2 Qb6 11. Bc1 Bg4 12. b3 h5 13. Be3 Bxe2 14. Ndxe2 Qc7 15. h3 0-0-0 16. 0-0 Be7 17. Rc1 Qd7 18. Bxa7 g5 19. Na4 Qe6 20. Qd2 Ned7 21. Qa5 Nxe4 22. Bb6 Nxb6 23. Nxb6+ Kc7 24. Nd5+ Kd7 25. Nc7 Qe5 26. c5 Rc8 27. Nb5 cxb5 28. Qxb5+ Ke6 29. Qc4+ d5 30. Nd4+ Kf6 31. Qb4 Bxc5 32. Rxc5 Rxc5 33. Qb6+ Qd6 34. Qxb7 Rhc8 35. Ne2 Rc2 36. Ng3 Rc1 37. Nxh5+ Kg6 38. Ng3 Nxg3 39. fxg3 Rxf1+ 40. Kxf1 Rc1+ 41. Kf2 Qf6+ 42. Ke3 Qc3+ 43. Kf2 Qd2+ 44. Kf3 Rf1+ 0-1

[Event "Berlin Lichtenberger op 11th"]
[Site "Berlin"]
[Date "2012.08.18"]
[Round "1"]
[White "Penner, Markus"]
[Black "Duric, Rajko"]
[Result "1-0"]
[WhiteElo "1998"]
[BlackElo "1771"]
[PlyCount "75"]
[EventDate "2012.08.18"]
[EventType "swiss"]
[EventRounds "9"]
[EventCountry "GER"]
[SourceTitle "CBM 150 Extra"]
[Source "ChessBase"]
[SourceDate "2012.10.19"]
[SourceVersion "1"]
[SourceVersionDate "2012.10.19"]
[SourceQuality "1"]

1. e4 d6 2. d4 Nf6 3. Nc3 c6 4. Nf3 Bg4 5. h3 Bxf3 6. Qxf3 Qb6 7. Qd1 Nbd7 8. a3 e6 9. Be2 Be7 10. Be3 Qc7 11. 0-0 0-0 12. f4 d5 13. e5 Ne4 14. Nxe4 dxe4 15. c4 f5 16. d5 cxd5 17. cxd5 exd5 18. Qxd5+ Kh8 19. Rac1 Nb6 20. Qe6 Qd8 21. Kh2 Qe8 22. Bxb6 axb6 23. Qxb6 g5 24. Bb5 Qd8 25. Qxd8 Bxd8 26. g3 gxf4 27. gxf4 Bh4 28. Rc7 Rad8 29. e6 Rd2+ 30. Kh1 Rg8 31. e7 Bg3 32. e8Q Rxe8 33. Bxe8 Rh2+ 34. Kg1 Rxb2 35. Bh5 e3 36. Rd1 Bh4 37. Rdd7 Rb1+ 38. Kg2 1-0

[Event "Berlin-ch qualification"]
[Site "Berlin-Lichtenrade"]
[Date "2012.04.09"]
[Round "4.9"]
[White "Welz, Peter"]
[Black "Duric, Rajko"]
[Result "1-0"]
[WhiteElo "2147"]
[BlackElo "1789"]
[PlyCount "103"]
[EventDate "2012.04.08"]
[EventType "swiss"]
[EventRounds "9"]
[EventCountry "GER"]
[SourceTitle "EXT 2022"]
[Source "ChessBase"]
[SourceDate "2021.10.06"]
[SourceVersion "1"]
[SourceVersionDate "2021.10.06"]
[SourceQuality "1"]

1. e4 d6 2. d4 g6 3. f4 Bg7 4. Nf3 Nf6 5. Nc3 Bg4 6. h3 Bxf3 7. Qxf3 c6 8. Be3 Qb6 9. 0-0-0 0-0 10. e5 Nd5 11. Nxd5 cxd5 12. Qxd5 dxe5 13. fxe5 Nc6 14. Qb3 Qxb3 15. axb3 e6 16. Bb5 Ne7 17. Kb1 a6 18. Be2 Nd5 19. Bd2 Rfd8 20. c4 Ne7 21. Bc3 Nc6 22. Bf3 Rab8 23. Rhe1 Bf8 24. d5 exd5 25. cxd5 Nb4 26. d6 a5 27. Re4 Bg7 28. d7 b5 29. Bg4 Rb6 30. e6 fxe6 31. Bxe6+ Kh8 32. Bf7 Bxc3 33. Re8+ Kg7 34. Rxd8 Bf6 35. Rc8 Kxf7 36. Rf1 Kg7 37. d8Q Bxd8 38. Rxd8 Re6 39. Ra8 Re2 40. g4 Nd3 41. g5 Re1+ 42. Rxe1 Nxe1 43. Ra7+ Kg8 44. Rxa5 b4 45. Rb5 Nf3 46. Rxb4 Nxg5 47. h4 Nf3 48. Rf4 Ne5 49. b4 h6 50. b5 Nd7 51. Rd4 Ne5 52. b6 1-0

[Event "Berlin Lichtenberger op 10th"]
[Site "Berlin"]
[Date "2011.08.20"]
[Round "8"]
[White "Schilly, Hans Joachim"]
[Black "Duric, Rajko"]
[Result "1-0"]
[WhiteElo "1835"]
[BlackElo "1808"]
[PlyCount "89"]
[EventDate "2011.08.13"]
[EventType "swiss"]
[EventRounds "9"]
[EventCountry "GER"]
[SourceTitle "CBM 143 Extra"]
[Source "ChessBase"]
[SourceDate "2011.08.29"]
[SourceVersion "1"]
[SourceVersionDate "2011.08.29"]
[SourceQuality "1"]

1. c4 e5 2. Nc3 c6 3. Nf3 d6 4. d4 exd4 5. Qxd4 h6 6. g3 Qf6 7. Bg2 Qxd4 8. Nxd4 g6 9. 0-0 Bg7 10. e3 Nf6 11. Rd1 Ke7 12. Bd2 Nbd7 13. Rab1 Nb6 14. b3 a6 15. Nce2 c5 16. Nc2 Bf5 17. Rbc1 Be4 18. f3 Bc6 19. e4 Nfd7 20. f4 Rhe8 21. Bc3 Kf8 22. Bxg7+ Kxg7 23. Nc3 Re6 24. Ne3 Rae8 25. Ned5 Nc8 26. Nc7 R8e7 27. Nxe6+ fxe6 28. Rd2 Nf6 29. h3 Ne8 30. Rcd1 b5 31. e5 Bxg2 32. Kxg2 Rd7 33. cxb5 axb5 34. Nxb5 d5 35. Rc2 Na7 36. Nxa7 Rxa7 37. Rdd2 Ra5 38. g4 Kf7 39. f5 gxf5 40. gxf5 Ng7 41. fxe6+ Nxe6 42. Rf2+ Kg7 43. Rc3 Nf8 44. Rg3+ Ng6 45. e6 1-0

[Event "Berlin qualification op"]
[Site "Berlin"]
[Date "2010.04.03"]
[Round "1"]
[White "Duric, Rajko"]
[Black "Schippke, Monika"]
[Result "1-0"]
[WhiteElo "1830"]
[BlackElo "1245"]
[PlyCount "161"]
[EventDate "2010.04.03"]
[EventType "swiss"]
[EventRounds "9"]
[EventCountry "GER"]
[SourceTitle "EXT 2012"]
[Source "ChessBase"]
[SourceDate "2011.11.24"]
[SourceVersion "1"]
[SourceVersionDate "2011.11.24"]
[SourceQuality "1"]

1. e4 c5 2. Nc3 e6 3. f4 Nc6 4. Nf3 Nge7 5. Nb5 Ng6 6. d3 Be7 7. Be3 a6 8. Nc3 0-0 9. e5 d6 10. exd6 Bxd6 11. g3 f5 12. Bg2 Be7 13. 0-0 Bf6 14. Bxc5 Rf7 15. Bf2 Qa5 16. Qe1 Bd7 17. Nd1 Qc7 18. c3 Kh8 19. d4 Re8 20. Qd2 h5 21. Ne5 Ncxe5 22. dxe5 Be7 23. Qd4 Rc8 24. Qb6 Bc6 25. Qxc7 Rxc7 26. Bb6 Rc8 27. Ne3 h4 28. Bd4 Bxg2 29. Kxg2 b5 30. a3 Bc5 31. Nc2 Kh7 32. Bxc5 Rxc5 33. Rad1 Rc6 34. Nb4 Rb6 35. Rd4 a5 36. Nc2 Rc7 37. Rfd1 hxg3 38. hxg3 Ne7 39. Ne3 Rbc6 40. Rd7 Kg6 41. Rxc7 Rxc7 42. Rd6 Kf7 43. Rb6 Rc5 44. Nc2 g5 45. Nd4 Rd5 46. Rxb5 Rxb5 47. Nxb5 gxf4 48. gxf4 Nd5 49. Kf3 a4 50. c4 Nb6 51. Nd6+ Ke7 52. Ke3 Kd7 53. Kd4 Kc6 54. Kc3 Nd7 55. Nb5 Nc5 56. Nd4+ Kd7 57. b4 axb3 58. Nxb3 Ne4+ 59. Kd4 Kc6 60. a4 Ng3 61. Kd3 Ne4 62. a5 Nf2+ 63. Ke3 Nd1+ 64. Kd2 Nb2 65. Nd4+ Kd7 66. Kc3 Na4+ 67. Kb4 Nb2 68. Kb5 Nd3 69. Ne2 Kc7 70. a6 Kb8 71. c5 Kc7 72. c6 Nb4 73. Kxb4 Kxc6 74. Ka5 Kc7 75. Kb5 Kb8 76. Kb6 Ka8 77. Nd4 Kb8 78. Nb5 Ka8 79. Nc7+ Kb8 80. a7+ Kc8 81. a8Q+ 1-0

[Event "Seefeld op 19th"]
[Site "Seefeld"]
[Date "2008.09.12"]
[Round "8"]
[White "Duric, Rajko"]
[Black "Vonach, Bernhard"]
[Result "0-1"]
[WhiteElo "1860"]
[BlackElo "2008"]
[PlyCount "114"]
[EventDate "2008.09.05"]
[EventType "swiss"]
[EventRounds "9"]
[EventCountry "AUT"]
[SourceTitle "EXT 2019"]
[Source "ChessBase"]
[SourceDate "2018.10.10"]
[SourceVersion "1"]
[SourceVersionDate "2018.10.10"]
[SourceQuality "1"]

1. e4 e5 2. Nf3 Nc6 3. Bc4 Nf6 4. Ng5 d5 5. exd5 Na5 6. Bb5+ Bd7 7. Bxd7+ Qxd7 8. 0-0 Nxd5 9. d3 Nc6 10. c3 f6 11. Ne4 0-0-0 12. Qe2 f5 13. Ng3 g6 14. Bg5 Re8 15. Bc1 Nf4 16. Qc2 Nxd3 17. Rd1 e4 18. Be3 Qf7 19. Ne2 Bd6 20. Nc1 Nde5 21. Qb3 Qf6 22. Ne2 Qh4 23. Rxd6 cxd6 24. Bf4 Qg4 25. Kf1 Nd3 26. h3 Qxe2+ 27. Kxe2 Nxf4+ 28. Kf1 h5 29. Na3 d5 30. Nb5 Rd8 31. Rd1 Nd3 32. Qa3 Rhg8 33. Nxa7+ Nxa7 34. Qxa7 g5 35. Ke2 Nf4+ 36. Kf1 h4 37. c4 d4 38. Qc5+ Kb8 39. Qxf5 Rde8 40. Rxd4 e3 41. Rxf4 e2+ 42. Ke1 gxf4 43. Qxf4+ Ka8 44. Qxh4 Rxg2 45. Qg4 Rxg4 46. hxg4 Re4 47. b3 Ka7 48. f3 Re3 49. g5 Kb6 50. g6 Rxf3 51. Kxe2 Rf4 52. Ke3 Rg4 53. Kd3 Kc5 54. a3 Rg3+ 55. Kc2 Kd4 56. c5 Rg2+ 57. Kb1 Kxc5 0-1

[Event "Seefeld op 19th"]
[Site "Seefeld"]
[Date "2008.09.05"]
[Round "1"]
[White "Neubauer, Kai"]
[Black "Duric, Rajko"]
[Result "1-0"]
[WhiteElo "2023"]
[BlackElo "1860"]
[PlyCount "61"]
[EventDate "2008.09.05"]
[EventType "swiss"]
[EventRounds "9"]
[EventCountry "AUT"]
[SourceTitle "EXT 2010"]
[Source "ChessBase"]
[SourceDate "2010.11.25"]
[SourceVersion "1"]
[SourceVersionDate "2010.11.25"]
[SourceQuality "1"]

1. d4 Nf6 2. c4 d6 3. Nc3 e6 4. e4 Be7 5. Nf3 c5 6. d5 e5 7. h3 h6 8. Bd3 0-0 9. Be3 Nh7 10. g4 Ng5 11. Nd2 Nh7 12. Qe2 Bg5 13. Bxg5 Qxg5 14. 0-0-0 a6 15. Rdg1 b5 16. h4 Qe7 17. g5 h5 18. Qxh5 g6 19. Qe2 f6 20. h5 Nxg5 21. hxg6 Qg7 22. Qh5 Bd7 23. cxb5 axb5 24. Bxb5 Ra7 25. Bxd7 Rxd7 26. Nf3 Re8 27. Nxg5 fxg5 28. Rxg5 Kf8 29. Rf5+ Kg8 30. Rf7 Rxf7 31. gxf7+ 1-0

[Event "Seefeld op 18th"]
[Site "Seefeld"]
[Date "2007.09.06"]
[Round "6"]
[White "Duric, Rajko"]
[Black "Storkebaum, Karl Heinrich"]
[Result "0-1"]
[WhiteElo "1877"]
[BlackElo "2032"]
[PlyCount "74"]
[EventDate "2007.09.01"]
[EventType "swiss"]
[EventRounds "9"]
[EventCountry "AUT"]
[SourceTitle "EXT 2009"]
[Source "ChessBase"]
[SourceDate "2008.11.26"]
[SourceVersion "1"]
[SourceVersionDate "2008.11.26"]
[SourceQuality "1"]

1. e4 c5 2. Nc3 d6 3. f4 Nc6 4. Bb5 Bd7 5. Bxc6 Bxc6 6. d3 e6 7. Nf3 g6 8. Be3 b6 9. 0-0 Bg7 10. d4 Ne7 11. Qd3 0-0 12. Rad1 a6 13. Rfe1 Qc7 14. d5 exd5 15. exd5 Bxc3 16. bxc3 Nxd5 17. c4 Nxe3 18. Rxe3 Rad8 19. Rde1 Rfe8 20. Rxe8+ Rxe8 21. Rxe8+ Bxe8 22. f5 Qe7 23. Kf2 Bc6 24. fxg6 hxg6 25. Qe3 Qxe3+ 26. Kxe3 Kf8 27. g4 Bxf3 28. Kxf3 Ke7 29. h4 b5 30. Kf4 bxc4 31. h5 gxh5 32. gxh5 Kf6 33. Ke4 Kg5 34. Kd5 f5 35. Kxd6 f4 36. h6 Kxh6 37. Kxc5 f3 0-1

[Event "Seefeld op 17th"]
[Site "Seefeld"]
[Date "2006.09.27"]
[Round "5"]
[White "Kreie, Guenther"]
[Black "Duric, Rajko"]
[Result "1/2-1/2"]
[WhiteElo "1987"]
[BlackElo "1848"]
[PlyCount "169"]
[EventDate "2006.09.23"]
[EventType "swiss"]
[EventRounds "9"]
[EventCountry "AUT"]
[SourceTitle "EXT 2009"]
[Source "ChessBase"]
[SourceDate "2008.11.26"]
[SourceVersion "1"]
[SourceVersionDate "2008.11.26"]
[SourceQuality "1"]

1. e4 e5 2. Nf3 d6 3. d4 exd4 4. Nxd4 g6 5. Bc4 Bg7 6. 0-0 Nf6 7. Nc3 0-0 8. Bg5 c6 9. Qd2 Qb6 10. Nb3 Ne8 11. Be7 Nd7 12. Bxf8 Bxf8 13. Bd3 Ne5 14. h3 Bxh3 15. Be2 Be6 16. Na4 Qc7 17. Nd4 Bc4 18. Bxc4 Nxc4 19. Qe2 b5 20. b3 Ne5 21. Nc3 Qa5 22. Qe1 Bg7 23. Nce2 Qb6 24. c3 b4 25. Rd1 c5 26. Nc2 bxc3 27. Qxc3 Nf6 28. Ng3 Neg4 29. Qd3 Rd8 30. Ne3 Ne5 31. Qe2 Qc6 32. Nd5 Nxd5 33. Rxd5 Nd7 34. Rd3 Bd4 35. Qc2 Qb6 36. Ne2 Be5 37. Kh1 Re8 38. Rf3 Qb4 39. Qc4 Qxc4 40. bxc4 Nf6 41. Ra3 Re7 42. f3 Nh5 43. Rb1 Ng3+ 44. Nxg3 Bxg3 45. Rab3 Re5 46. Rb7 Bf2 47. g4 h5 48. Kg2 Bd4 49. gxh5 Rxh5 50. Rh1 Rg5+ 51. Kf1 Rg3 52. Rb3 a5 53. a4 Kg7 54. Rd3 g5 55. Ra3 g4 56. Ke2 Rg2+ 57. Kd1 g3 58. f4 Kf6 59. Rf3 Ra2 60. Rh6+ Kg7 61. Rh4 Bf2 62. Rg4+ Kf8 63. f5 Rxa4 64. f6 Rxc4 65. Rd3 Rd4 66. Rxd4 Bxd4 67. Rxg3 Bxf6 68. Kc2 Bh4 69. Ra3 Be1 70. Kd3 Ke7 71. Rb3 Bb4 72. Rb1 a4 73. Rh1 a3 74. Rh8 Ke6 75. Ra8 f6 76. Re8+ Kd7 77. Rf8 d5 78. Rxf6 dxe4+ 79. Kxe4 Kc7 80. Kd3 Kb7 81. Rf2 Kc6 82. Kc4 Kd6 83. Re2 Kc6 84. Re6+ Kd7 85. Re2 1/2-1/2

[Event "Seefeld op 17th"]
[Site "Seefeld"]
[Date "2006.09.25"]
[Round "3"]
[White "Russ, Colin"]
[Black "Duric, Rajko"]
[Result "1-0"]
[WhiteElo "1963"]
[BlackElo "1848"]
[PlyCount "81"]
[EventDate "2006.09.23"]
[EventType "swiss"]
[EventRounds "9"]
[EventCountry "AUT"]
[SourceTitle "EXT 2009"]
[Source "ChessBase"]
[SourceDate "2008.11.26"]
[SourceVersion "1"]
[SourceVersionDate "2008.11.26"]
[SourceQuality "1"]

1. Nf3 Nf6 2. d4 d5 3. c4 c6 4. e3 Bg4 5. Nc3 e6 6. h3 Bh5 7. cxd5 exd5 8. Qb3 Qc8 9. Ne5 Nbd7 10. f4 Bg6 11. Bd2 Ne4 12. g4 Nxd2 13. Kxd2 Nxe5 14. fxe5 Be7 15. Bd3 Bxd3 16. Kxd3 0-0 17. Raf1 b5 18. Ne2 a5 19. Nf4 a4 20. Qc2 Qa6 21. Kd2 b4 22. Qd3 Qxd3+ 23. Nxd3 Rac8 24. Rc1 Rc7 25. Nc5 Ra8 26. Rc2 Ra5 27. Rhc1 Kf8 28. Nd3 Ra6 29. Kd1 Ke8 30. Nf4 Kd7 31. Nxd5 b3 32. axb3 axb3 33. Rc3 Rca7 34. Nxe7 Kxe7 35. Rxb3 f6 36. exf6+ Kxf6 37. Rbc3 Ke6 38. Rxc6+ Rxc6 39. Rxc6+ Kd5 40. Rc5+ Ke4 41. Ke2 1-0

[Event "Berlin op 07"]
[Site "Berlin"]
[Date "2006.07.10"]
[Round "3"]
[White "Duric, Rajko"]
[Black "Sondermann, Johannes"]
[Result "0-1"]
[WhiteElo "1849"]
[BlackElo "2163"]
[PlyCount "88"]
[EventDate "2006.07.08"]
[EventType "swiss"]
[EventRounds "9"]
[EventCountry "GER"]
[SourceTitle "CBM 113 Extra"]
[Source "ChessBase"]
[SourceDate "2006.09.14"]
[SourceVersion "1"]
[SourceVersionDate "2006.09.14"]
[SourceQuality "1"]

1. e4 c5 2. Nc3 Nc6 3. f4 g6 4. Nf3 Bg7 5. e5 d6 6. Bb5 Bd7 7. exd6 exd6 8. 0-0 Nge7 9. Ne4 Qc7 10. c3 d5 11. Bxc6 Qxc6 12. Ng3 0-0 13. Ne5 Qc7 14. Nxd7 Qxd7 15. d3 f5 16. Bd2 b5 17. Qc2 Nc6 18. Rae1 b4 19. Ne2 bxc3 20. Bxc3 Nb4 21. Qb1 Qb5 22. Bxg7 Kxg7 23. Nc3 Qxd3 24. Qxd3 Nxd3 25. Re7+ Rf7 26. Rxf7+ Kxf7 27. Nxd5 Rd8 28. Ne3 Rd4 29. b3 Nxf4 30. Rd1 Rxd1+ 31. Nxd1 Ke6 32. Nc3 Ke5 33. Kf2 Nd5 34. Ne2 Ke4 35. Nc1 Kd4 36. Ke2 Nf4+ 37. Kf3 g5 38. h3 Kc3 39. g3 Nxh3 40. Ne2+ Kd2 41. g4 fxg4+ 42. Kxg4 Kxe2 43. Kxh3 Kf3 44. a3 g4+ 0-1

[Event "Seefeld op 16th"]
[Site "Seefeld"]
[Date "2005.09.20"]
[Round "4"]
[White "Duric, Rajko"]
[Black "Stock, Juergen"]
[Result "0-1"]
[WhiteElo "1867"]
[BlackElo "2031"]
[PlyCount "80"]
[EventDate "2005.09.17"]
[EventType "swiss"]
[EventRounds "9"]
[EventCountry "AUT"]
[SourceTitle "EXT 2007"]
[Source "ChessBase"]
[SourceDate "2006.11.23"]
[SourceVersion "1"]
[SourceVersionDate "2006.11.23"]
[SourceQuality "1"]

1. e4 e6 2. g3 b6 3. Bg2 Bb7 4. Ne2 f5 5. Nbc3 Nf6 6. d3 Be7 7. 0-0 fxe4 8. Nxe4 Nxe4 9. dxe4 0-0 10. b3 e5 11. c4 d6 12. Nc3 Nd7 13. Nd5 Nc5 14. b4 Ne6 15. Nxe7+ Qxe7 16. Be3 c5 17. bxc5 dxc5 18. Qg4 Rad8 19. Bh3 Bc8 20. Qh5 Nd4 21. Bg2 Qe6 22. Rad1 Ba6 23. Bh3 Qxc4 24. Bxd4 exd4 25. Bf5 Rf6 26. Qxh7+ Kf8 27. Qh8+ Qg8 28. Qxg8+ Kxg8 29. Rfe1 d3 30. Rd2 c4 31. Rc1 Rd4 32. g4 g6 33. g5 Rc6 34. Bh3 c3 35. Rdd1 d2 36. Rc2 Bd3 37. Be6+ Kf8 38. Bb3 Rxe4 39. Rdxd2 Rg4+ 40. Kh1 cxd2 0-1

[Event "Seefeld op 16th"]
[Site "Seefeld"]
[Date "2005.09.17"]
[Round "1"]
[White "Mueller, Norbert"]
[Black "Duric, Rajko"]
[Result "1-0"]
[WhiteElo "2138"]
[BlackElo "1867"]
[PlyCount "71"]
[EventDate "2005.09.17"]
[EventType "swiss"]
[EventRounds "9"]
[EventCountry "AUT"]
[SourceTitle "EXT 2007"]
[Source "ChessBase"]
[SourceDate "2006.11.23"]
[SourceVersion "1"]
[SourceVersionDate "2006.11.23"]
[SourceQuality "1"]

1. d4 d6 2. c4 g6 3. Nc3 Bg7 4. e4 c6 5. Be3 Nf6 6. f3 0-0 7. Qd2 Nbd7 8. Nge2 e5 9. 0-0-0 Qa5 10. Kb1 b5 11. cxb5 cxb5 12. Nc1 a6 13. Nb3 Qc7 14. Rc1 Qb8 15. Be2 Bb7 16. dxe5 dxe5 17. Rhd1 Rd8 18. Na5 Rc8 19. Nd5 Bxd5 20. exd5 Rxc1+ 21. Qxc1 Qf8 22. d6 Rc8 23. Qd2 e4 24. f4 Ne8 25. g4 Nef6 26. g5 Ne8 27. Qd5 Kh8 28. Qb7 Rd8 29. Nc6 Nxd6 30. Qc7 Nf5 31. Qxd8 Nxe3 32. Rxd7 Nf5 33. Qc7 Qc5 34. Rd8+ Bf8 35. Qxf7 Qg1+ 36. Bd1 1-0

[Event "Seefeld op 15th"]
[Site "Seefeld"]
[Date "2004.09.19"]
[Round "2"]
[White "Michel, Jan"]
[Black "Duric, Rajko"]
[Result "0-1"]
[WhiteElo "1482"]
[BlackElo "1935"]
[PlyCount "54"]
[EventDate "2004.09.18"]
[EventType "swiss"]
[EventRounds "9"]
[EventCountry "AUT"]
[SourceTitle "EXT 2005"]
[Source "ChessBase"]
[SourceDate "2004.11.15"]
[SourceVersion "1"]
[SourceVersionDate "2004.11.15"]
[SourceQuality "1"]

1. e4 e5 2. Nc3 Nf6 3. Bc4 c6 4. a3 d5 5. exd5 cxd5 6. Bb5+ Bd7 7. Bxd7+ Qxd7 8. Qe2 Bd6 9. Qb5 a6 10. Qxd7+ Nbxd7 11. d3 Rc8 12. Nge2 d4 13. Nd1 Rxc2 14. Bd2 Nc5 15. Nc1 e4 16. Bb4 Bf4 17. Bxc5 Bd2+ 18. Kf1 Rxc5 19. Nb3 Rc2 20. Nxd4 exd3 21. Nb3 0-0 22. Nxd2 Rxd2 23. g3 Re8 24. Rc1 Rc2 25. Rb1 d2 26. Kg2 Re1 27. Ne3 Rcc1 0-1